LEADER 00669nam a2200193 i 4500 001 000000178975 003 CaOOAMICUS 005 20090423000000.0 008 090423s1966 it u000 u ita u 013 $a156550 040 $aSeMil$bita 245 10$aVolume 2. 300 $aVII, P. 193-383 :$bill. 650 4$aConcilio Vaticano II <1962-1965>.$0(OLS)http://semarc/subject/283 773 0 $tConcilio Vaticano 2.$dMilano : Fratelli Fabbri Editori, copyr. 1966.$w()21154 850 $aSeMil 852 $aSeMil$W1$xVenegono$y1$m3A VI 23$j129741$B129741$CSeMilBibl$Z2$F141274 $81 961 $aAcquisto: Casa editrice 996 $6245$aVolume 2$9(OLS)http://semarc/title/11564 LEADER 01172nam a2200253 i 4500 001 000000060894 003 CaOOAMICUS 005 20251028114844.0 008 140630s1970 it u000 u ita u 040 $aSeMil$bita 100 1 $aGinzburg, Carlo,$d<1939- >.$0(OLS)http://semarc/name/90784 245 12$aI costituti di Don Pietro Manelfi /$cCarlo Ginzburg. 264 1$aFirenze :$bSansoni ;$aChicago :$bThe Newberry Library,$c1970. 300 $a93 p., [5] p. di tav. ;$c25 cm. 490 1 $aBiblioteca del Corpus Reformatorum Italicorum 600 14$aManelfi, Pietro .$0(OLS)http://semarc/subject/58805 650 4$aRiforma protestante.$0(OLS)http://semarc/subject/4876 830 0$aBiblioteca del Corpus Reformatorum Italicorum.$0(OLS)http://semarc/title/12625 850 $aSeMil 852 $aSeMil$W1$xVenegono$y1$m3A IV 380$j263900$B27047$CSeMilBibl$Z2$F27050 $81 996 $6245$aI costituti di Don Pietro Manelfi$9(OLS)http://semarc/title/95528 996 $6264$aFirenze :$bSansoni$9(OLS)http://semarc/publisher/29843 996 $6264$aChicago :$bThe Newberry Library$9(OLS)http://semarc/publisher/42250